| 000 | 00852nam a22001935i 4500 | ||
|---|---|---|---|
| 001 | 170221 | ||
| 003 | ES-MaACL | ||
| 005 | 20231222193943.0 | ||
| 008 | 090213s1896 fr |||| | fre d | ||
| 080 | _a929 Cortejarena y Aldevó, Francisco de | ||
| 245 | 0 | 3 | _aLe professeur docteur de Cortejarena de Madrid. |
| 260 |
_a[Paris : _bL'Encyclopédie Contemporaine Illustrée, _c1896] |
||
| 300 |
_aP. [265]-272 : _bil. ; _c40 cm. |
||
| 500 | _aArtículo recogido en el nº 347, del 31 de diciembre de 1896 en la publicación: L'Encyclopédie Contemporaine Illustrée" | ||
| 600 | 1 | 4 |
_aCortejarena y Aldebó, Francisco de, _d1835-1919 _9145203 |
| 740 | 2 | _aL'Encyclopédie Contemporaine Illustrée. | |
| 852 |
_aES-MaACL _jT-770-F-12 _z.- Dedicatoria autógrafa de Francisco Cortejarena a la biblioteca del Ateneo de Madrid |
||
| 999 |
_c170221 _d170221 |
||